Ktoré zdroje bielkovín sú najlepšie?
Salvato in:
| Autore principale: | |
|---|---|
| Altri autori: | |
| Natura: | Manoscritto Libro |
| Lingua: | slovacco |
| Pubblicazione: |
2024
|
| Soggetti: | |
| Accesso online: | http://is.stuba.sk/zp/portal_zp.pl?podrobnosti=162389 |
| Tags: |
Nessun Tag, puoi essere il primo ad aggiungerne!!
|
MARC
| LEADER | 00000ntm a22000003a 4500 | ||
|---|---|---|---|
| 001 | stuzp94410 | ||
| 003 | SK-STU | ||
| 005 | 20240622210330.7 | ||
| 007 | ta | ||
| 008 | 150427s2015----xo-----f-mn---000-0-slo-d | ||
| 040 | |a STU |b slo | ||
| 041 | 0 | |a slo | |
| 100 | 1 | |a Jablonská, Rebeka |u 040270 |4 aut |U FCHPT Ústav potravinárstva a výživy |T FCHPT Oddelenie výživy a hodnotenia kvality potravín |X 110554 |U C0270 |Y 686 |7 110554 | |
| 242 | 0 | 1 | |a Which protein sources are the best? |y eng |
| 245 | 1 | 0 | |a Ktoré zdroje bielkovín sú najlepšie? |
| 260 | |c 2024 | ||
| 650 | 4 | |a bielkoviny |2 slo | |
| 650 | 4 | |a živočíšne bielkoviny |2 slo | |
| 650 | 4 | |a rastlinné bielkoviny |2 slo | |
| 650 | 4 | |a jedlý hmyz |2 slo | |
| 650 | 4 | |a zdroje bielkovín |2 slo | |
| 650 | 4 | |a kultivované mäso |2 slo | |
| 650 | 4 | |a proteins |2 eng | |
| 650 | 4 | |a protein sources |2 eng | |
| 650 | 4 | |a animal proteins |2 eng | |
| 650 | 4 | |a plant proteins |2 eng | |
| 650 | 4 | |a edible insect |2 eng | |
| 650 | 4 | |a cultured meat |2 eng | |
| 700 | 1 | |a Hybenová, Eva |u 040270 |k Z1 |4 ths |U FCHPT Ústav potravinárstva a výživy |T FCHPT Oddelenie výživy a hodnotenia kvality potravín |X 3897 |U C0270 |Y 686 |7 A000003897 | |
| 856 | 4 | |u http://is.stuba.sk/zp/portal_zp.pl?podrobnosti=162389 | |